Qos in Integrated 3G network (Record no. 478)

MARC details
000 -LEADER
fixed length control field 00420 a2200169 4500
001 - CONTROL NUMBER
control field 066422
003 - CONTROL NUMBER IDENTIFIER
control field OSt
005 - DATE AND TIME OF LATEST TRANSACTION
control field 20210928115744.0
008 - FIXED-LENGTH DATA ELEMENTS--GENERAL INFORMATION
fixed length control field
082 ## - DEWEY DECIMAL CLASSIFICATION NUMBER
Classification number 384.5
Item number L77Q
100 1# - MAIN ENTRY--PERSONAL NAME
Personal name Evans, Robert Loyd
245 1# - TITLE STATEMENT
Title Qos in Integrated 3G network
Statement of responsibility, etc by Robert Loyd Evans
260 ## - PUBLICATION, DISTRIBUTION, ETC. (IMPRINT)
Place of publication, distribution, etc Boston
Name of publisher, distributor, etc Artech House
Date of publication, distribution, etc 2002
300 ## - PHYSICAL DESCRIPTION
Extent 328p.
690 ## - LOCAL SUBJECT ADDED ENTRY--TOPICAL TERM (OCLC, RLIN)
Topical term or geographic name as entry element Computer Science
942 ## - ADDED ENTRY ELEMENTS (KOHA)
Source of classification or shelving scheme Dewey Decimal Classification
Koha item type Books
Holdings
Withdrawn status Lost status Source of classification or shelving scheme Damaged status Not for loan Collection code Home library Current library Date acquired Source of acquisition Cost, normal purchase price Full call number Barcode Date last seen Price effective from Koha item type
    Dewey Decimal Classification     General Text Book Central University Of Rajasthan Central University Of Rajasthan 07/03/2012 CSC 4738.00 384.5 L77Q 708 21/11/2024 02/09/2020 Books